[Event "Scottish International Open"]
[Site "Edinburgh, Scotland"]
[Date "2015.07.11"]
[Round "1"]
[White "Armaan, Jal Gala"]
[Black "Paul, Rabindra"]
[Result "1/2-1/2"]
[WhiteElo "1551"]
[BlackElo "1822"]
[PlyCount "40"]
[EventDate "2015.??.??"]
[Source "ChessScotland"]
[SourceDate "2015.07.19"]

1. d4 Nf6 2. Nf3 d6 3. e3 g6 4. Bd3 Bg7 5. b3 O-O 6. Bb2 Nbd7 7. e4 e5 8. dxe5
Ng4 9. Nbd2 Ngxe5 10. Nxe5 Nxe5 11. Rb1 Nxd3+ 12. cxd3 f5 13. h4 fxe4 14. dxe4
Bxb2 15. Rxb2 Qf6 16. Nc4 Be6 17. Re2 Bxc4 18. bxc4 Qc3+ 19. Qd2 Qa1+ 20. Qd1
Qc3+ 1/2-1/2

[Event "Scottish International Open"]
[Site "Edinburgh, Scotland"]
[Date "2015.07.11"]
[Round "1"]
[White "Smith, Stephen H"]
[Black "Oxener, Aldo"]
[Result "1-0"]
[WhiteElo "1803"]
[BlackElo "1545"]
[PlyCount "47"]
[EventDate "2015.??.??"]
[Source "ChessScotland"]
[SourceDate "2015.07.19"]

1. e4 c5 2. Nf3 d6 3. d4 cxd4 4. Nxd4 Nf6 5. Nc3 a6 6. Be2 e5 7. Nb3 Be6 8. O-O
Be7 9. f4 O-O 10. f5 Bxb3 11. axb3 Nbd7 12. g4 Nc5 13. Bf3 Qb6 14. Kh1 Qc6 15.
Qe2 Rac8 16. g5 Nfd7 17. b4 Nb6 18. bxc5 Qxc5 19. Be3 Qc6 20. Bxb6 Qxb6 21. Nd5
Qd8 22. f6 gxf6 23. gxf6 Bxf6 24. Bg4 1-0

[Event "Scottish International Open"]
[Site "Edinburgh, Scotland"]
[Date "2015.07.11"]
[Round "1"]
[White "Smith, Callum"]
[Black "Irving, Neil"]
[Result "0-1"]
[WhiteElo "1543"]
[BlackElo "1801"]
[PlyCount "80"]
[EventDate "2015.??.??"]
[Source "ChessScotland"]
[SourceDate "2015.07.19"]

1. e4 e6 2. d4 d5 3. exd5 exd5 4. c4 Nf6 5. Nf3 Bg4 6. Be3 c6 7. Nc3 Be7 8. Be2
O-O 9. O-O dxc4 10. Bxc4 Nbd7 11. a3 Nb6 12. Be2 Re8 13. Re1 Nbd5 14. Nxd5 Nxd5
15. Bc4 Bf6 16. h3 Bh5 17. g4 Bg6 18. Qb3 Nxe3 19. fxe3 Qc7 20. Kg2 Be4 21. Kf2
Bh4+ 22. Nxh4 Qh2+ 23. Kf1 Qxh3+ 24. Ke2 Qxg4+ 25. Kd2 Re7 26. Rf1 Qxh4 27.
Rxf7 Rxf7 28. Bxf7+ Kh8 29. Bc4 Qh2+ 30. Be2 Rf8 31. Qxb7 Rb8 32. Qxa7 Rxb2+
33. Kc3 Rc2+ 34. Kb3 Bd5+ 35. Kxc2 Qxe2+ 36. Kc3 Qxe3+ 37. Kb4 Qd2+ 38. Ka4
Qc2+ 39. Kb4 Qc4+ 40. Ka5 Qb5# 0-1

[Event "Scottish International Open"]
[Site "Edinburgh, Scotland"]
[Date "2015.07.11"]
[Round "1"]
[White "Brown, Allan D"]
[Black "Volland, Ben"]
[Result "1-0"]
[WhiteElo "1798"]
[BlackElo "1543"]
[PlyCount "83"]
[EventDate "2015.??.??"]
[Source "ChessScotland"]
[SourceDate "2015.07.19"]

1. d4 f5 2. c4 e6 3. g3 Nf6 4. Bg2 Be7 5. Nc3 Nc6 6. Nf3 O-O 7. O-O d6 8. Bg5
Ng4 9. Bxe7 Qxe7 10. h3 Nf6 11. d5 Ne5 12. Nxe5 dxe5 13. e4 g5 14. exf5 exf5
15. Qd2 f4 16. Rae1 Nh5 17. g4 f3 18. gxh5 fxg2 19. Kxg2 Rf4 20. Re4 Bf5 21.
Rxf4 gxf4 22. Rg1 Kh8 23. Qe1 e4 24. f3 e3 25. Ne4 Bxe4 26. Qc3+ Qg7+ 27. Qxg7+
Kxg7 28. fxe4 Kh6 29. Kf3 Rf8 30. c5 c6 31. d6 b6 32. b4 a5 33. a3 bxc5 34.
bxc5 Re8 35. Kxf4 e2 36. Re1 Kxh5 37. Rxe2 Kg6 38. e5 Kf7 39. Kf5 Rf8 40. Rf2
Ke8+ 41. Ke6 a4 42. Rb2 1-0

[Event "Scottish International Open"]
[Site "Edinburgh, Scotland"]
[Date "2015.07.11"]
[Round "1"]
[White "Underwood, James Robert"]
[Black "Pannwitz, Kai"]
[Result "1-0"]
[WhiteElo "1534"]
[BlackElo "1797"]
[PlyCount "66"]
[EventDate "2015.??.??"]
[Source "ChessScotland"]
[SourceDate "2015.07.19"]

1. c4 Nf6 2. Nc3 c5 3. g3 g6 4. Bg2 Bg7 5. e4 Nc6 6. Nge2 O-O 7. d3 d6 8. O-O
Ne8 9. h3 Nc7 10. f4 Ne6 11. Rb1 Ned4 12. Nxd4 Nxd4 13. Ne2 Bd7 14. Be3 Rb8 15.
Nxd4 cxd4 16. Bd2 b5 17. b3 Qc8 18. Kh2 Qa6 19. Qc2 bxc4 20. bxc4 Qa4 21. Rb3
Rb6 22. Rfb1 Rc8 23. R1b2 Rxb3 24. Qxb3 Qxb3 25. axb3 e5 26. b4 Rb8 27. Ra2 Rb7
28. b5 Kf8 29. Bb4 exf4 30. Bxd6+ Ke8 31. gxf4 Be6 32. e5 Rb6 33. Bc7 Bxh3 1-0

[Event "Scottish International Open"]
[Site "Edinburgh, Scotland"]
[Date "2015.07.11"]
[Round "1"]
[White "Opasiak, Dustin Tennessee"]
[Black "Oswald, David C"]
[Result "0-1"]
[WhiteElo "1791"]
[BlackElo "2083"]
[PlyCount "76"]
[EventDate "2015.??.??"]
[Source "ChessScotland"]
[SourceDate "2015.07.19"]

1. e4 c5 2. Nf3 d6 3. Bb5+ Nd7 4. O-O a6 5. Bd3 g6 6. c3 Bg7 7. Bc2 e6 8. d4
cxd4 9. cxd4 Ne7 10. Qe2 O-O 11. Nc3 b5 12. a3 Bb7 13. Bg5 h6 14. Bf4 Nb6 15.
Bb3 Rc8 16. h3 Nc6 17. Rfd1 Na5 18. Ba2 Nac4 19. Rd3 Qe7 20. Rad1 Rfd8 21. Bc1
Rd7 22. b3 Na5 23. Qe1 Nc6 24. e5 dxe5 25. Nxe5 Nxe5 26. dxe5 Rxd3 27. Rxd3 Qc7
28. f4 Qc6 29. Qg3 b4 30. Ne2 Nd5 31. Kh2 a5 32. Bb1 Ba6 33. axb4 axb4 34. f5
Bxd3 35. Bxd3 exf5 36. Bc4 Nb6 37. Nd4 Qc7 38. Nxf5 Bxe5 0-1

[Event "Scottish International Open"]
[Site "Edinburgh, Scotland"]
[Date "2015.07.11"]
[Round "1"]
[White "D'Costa, Leston"]
[Black "Milton, Carl"]
[Result "0-1"]
[WhiteElo "1515"]
[BlackElo "1777"]
[PlyCount "66"]
[EventDate "2015.??.??"]
[Source "ChessScotland"]
[SourceDate "2015.07.19"]

1. e4 c5 2. Nc3 d6 3. f4 g6 4. Nf3 Bg7 5. Bb5+ Bd7 6. Bc4 e6 7. O-O Nc6 8. d3
Nge7 9. Qe1 O-O 10. Qh4 Nd4 11. Nxd4 Bxd4+ 12. Kh1 a6 13. f5 b5 14. Bb3 gxf5
15. Bg5 f6 16. Bh6 Rf7 17. Qg3+ Kh8 18. exf5 d5 19. fxe6 Bxe6 20. a3 Nf5 21.
Qf4 Nxh6 22. Qxh6 c4 23. Ba2 Qd7 24. Rae1 Rg8 25. dxc4 Bxc3 26. bxc3 dxc4 27.
Rxf6 Bd5 28. h3 Rxg2 29. Rxf7 Rxc2+ 30. Kg1 Rg2+ 31. Kh1 Rxa2+ 32. Kg1 Rg2+ 33.
Kh1 Qxf7 0-1

[Event "Scottish International Open"]
[Site "Edinburgh, Scotland"]
[Date "2015.07.11"]
[Round "1"]
[White "Jennings, Richard"]
[Black "Brown, Gerry"]
[Result "1-0"]
[WhiteElo "1767"]
[BlackElo "1468"]
[PlyCount "73"]
[EventDate "2015.??.??"]
[Source "ChessScotland"]
[SourceDate "2015.07.19"]

1. d4 Nf6 2. Nc3 d5 3. Bg5 g6 4. Qd2 Bg7 5. O-O-O c6 6. Bh6 O-O 7. Bxg7 Kxg7 8.
f3 Nbd7 9. e4 Nb6 10. e5 Ne8 11. h4 h5 12. Nh3 Nc7 13. Nf2 f5 14. exf6+ exf6
15. g4 Rh8 16. Bd3 Nc4 17. Bxc4 dxc4 18. Ne2 Nd5 19. gxh5 Rxh5 20. Ng3 Rh8 21.
Nfe4 c3 22. Nxc3 Nxc3 23. Qxc3 Qd5 24. b3 Be6 25. Ne4 Bf5 26. Qc5 Bxe4 27. Qe7+
Qf7 28. Qxf7+ Kxf7 29. fxe4 Rae8 30. Rde1 Ke6 31. Kd2 Rh5 32. Rhg1 Rxh4 33.
Rxg6 Kf7 34. Reg1 Rhxe4 35. Rg7+ Ke6 36. Kd3 f5 37. R1g6+ 1-0

[Event "Scottish International Open"]
[Site "Edinburgh, Scotland"]
[Date "2015.07.11"]
[Round "1"]
[White "Berera, Siddharth"]
[Black "MacGilchrist, Siegrun"]
[Result "0-1"]
[WhiteElo "1457"]
[BlackElo "1746"]
[PlyCount "60"]
[EventDate "2015.??.??"]
[Source "ChessScotland"]
[SourceDate "2015.07.19"]

1. d4 d5 2. Bf4 Nf6 3. e3 e6 4. Nd2 Bd6 5. Bg3 Qe7 6. Bd3 Nbd7 7. Ngf3 c5 8. c3
b6 9. Ne5 Bb7 10. f4 Ne4 11. Nxe4 dxe4 12. Bb5 Bxe5 13. dxe5 a6 14. Qxd7+ Qxd7
15. Bxd7+ Kxd7 16. O-O-O+ Kc7 17. Bh4 h6 18. Rd2 Rhg8 19. Rhd1 Bc6 20. Bg3 g5
21. f5 Rad8 22. fxe6 Rxd2 23. exf7 Rxd1+ 24. Kxd1 Rd8+ 25. Ke2 Kd7 26. e6+ Kxe6
27. Bc7 Rf8 28. Bxb6 Rxf7 29. Bxc5 Bb5+ 30. Kd2 Rf2+ 0-1

[Event "Scottish International Open"]
[Site "Edinburgh, Scotland"]
[Date "2015.07.11"]
[Round "1"]
[White "Graham, Alan"]
[Black "Smith, Mark J"]
[Result "1-0"]
[WhiteElo "1739"]
[BlackElo "1440"]
[PlyCount "87"]
[EventDate "2015.??.??"]
[Source "ChessScotland"]
[SourceDate "2015.07.19"]

1. d4 e6 2. Nf3 Nf6 3. Bf4 b6 4. e3 Be7 5. Nbd2 Bb7 6. Bd3 d6 7. O-O Nbd7 8.
Qe2 O-O 9. h3 Re8 10. a4 c5 11. c3 Rc8 12. Nc4 d5 13. Nd6 Bxd6 14. Bxd6 c4 15.
Bc2 Ne4 16. Bf4 Ndf6 17. Ne5 a6 18. f3 Nd6 19. Bg5 Nf5 20. Bxf5 exf5 21. f4 Re6
22. Qc2 g6 23. Qf2 Ne4 24. Bxd8 Nxf2 25. Kxf2 Rxd8 26. a5 b5 27. Rfe1 Rde8 28.
Re2 f6 29. Nf3 Kf7 30. Rae1 h5 31. g3 Bc6 32. Nd2 Bb7 33. Kf3 Bc6 34. Rg1 Bb7
35. b4 Bc6 36. Nf1 Bb7 37. g4 h4 38. gxf5 gxf5 39. Reg2 R6e7 40. Rg6 Ke6 41.
Rh6 Kf7 42. Rxh4 Rg8 43. Rh7+ Kf8 44. Rxg8+ 1-0

[Event "Scottish International Open"]
[Site "Edinburgh, Scotland"]
[Date "2015.07.11"]
[Round "1"]
[White "Forbes, Alistair"]
[Black "Heron, Donald"]
[Result "1-0"]
[WhiteElo "1418"]
[BlackElo "1714"]
[PlyCount "69"]
[EventDate "2015.??.??"]
[Source "ChessScotland"]
[SourceDate "2015.07.19"]

1. Nf3 e6 2. c4 d5 3. g3 c6 4. Bg2 Bd6 5. b3 Qe7 6. d4 b6 7. Bb2 Bb7 8. O-O Nd7
9. Nbd2 f5 10. a3 Ngf6 11. Ne5 O-O 12. Ndf3 Ne4 13. Nxd7 Qxd7 14. Ne5 Qe7 15.
f3 Ng5 16. b4 Bxe5 17. dxe5 dxc4 18. Qc2 b5 19. Bd4 Rfd8 20. Rad1 Qc7 21. Rd2
a5 22. Rfd1 axb4 23. axb4 Nf7 24. f4 Kh8 25. e4 Nh6 26. Bc5 Rxd2 27. Qxd2 g6
28. Qd6 Qc8 29. Qe7 Ng8 30. Qf7 Nh6 31. Qe7 Ng4 32. Rd7 Ra1+ 33. Bf1 Qg8 34. h3
Ra8 35. hxg4 1-0

[Event "Scottish International Open"]
[Site "Edinburgh, Scotland"]
[Date "2015.07.11"]
[Round "1"]
[White "Roth, Michael J"]
[Black "McKinney, Stuart"]
[Result "1-0"]
[WhiteElo "1714"]
[BlackElo "1364"]
[PlyCount "161"]
[EventDate "2015.??.??"]
[Source "ChessScotland"]
[SourceDate "2015.07.19"]

1. d4 e6 2. e4 d5 3. Nd2 Nf6 4. e5 Nfd7 5. Ngf3 c5 6. c3 Nc6 7. Be2 Qb6 8. Nb3
a5 9. a4 Be7 10. O-O f6 11. exf6 Nxf6 12. Re1 O-O 13. Bb5 Ne4 14. Be3 c4 15.
Nbd2 Nd6 16. Bxc6 bxc6 17. Rb1 Nf5 18. b3 Nxe3 19. Rxe3 cxb3 20. Rxb3 Qc7 21.
Ne5 Bg5 22. Rh3 Bxd2 23. Qxd2 c5 24. Qb2 cxd4 25. cxd4 Ba6 26. Qb1 g6 27. Rhc3
Bc4 28. Rb7 Rab8 29. Rxb8 Rxb8 30. Qc2 Qb7 31. g3 Qb1+ 32. Qxb1 Rxb1+ 33. Kg2
Rb3 34. Rc1 Rb4 35. Ra1 Bb3 36. Nc6 Rxa4 37. Rxa4 Bxa4 38. Nxa5 Kf7 39. Nb7 Kf6
40. f4 Bc2 41. Kf3 Be4+ 42. Ke3 h6 43. Nc5 Bb1 44. Nd7+ Ke7 45. Ne5 Kf6 46. h4
Be4 47. Ng4+ Kg7 48. Nf2 Bb1 49. g4 Kf6 50. Nh1 Be4 51. Ng3 Bb1 52. g5+ Kg7 53.
Kd2 h5 54. Kc3 Kf7 55. Nf1 Ke7 56. Kb4 Kd6 57. Nd2 Bf5 58. Kb5 Be4 59. Kb6 Bf5
60. Nb3 Bc2 61. Nc5 Bf5 62. Nb7+ Kd7 63. Kc5 Kc7 64. Nd6 Bb1 65. Ne8+ Kd7 66.
Nf6+ Ke7 67. Kc6 Be4 68. Kc7 Bf5 69. Nd7 Be4 70. Ne5 Bf5 71. Nc6+ Ke8 72. Kd6
Kf7 73. Nd8+ Ke8 74. Nxe6 Be4 75. Nc7+ Kf8 76. Nxd5 Bf3 77. Nf6 Bg2 78. d5 Bf3
79. Kd7 Bg4+ 80. Kc7 Ke7 81. d6+ 1-0

[Event "Scottish International Open"]
[Site "Edinburgh, Scotland"]
[Date "2015.07.11"]
[Round "1"]
[White "Hope, Iain"]
[Black "Begg, David"]
[Result "0-1"]
[WhiteElo "1349"]
[BlackElo "1706"]
[PlyCount "66"]
[EventDate "2015.??.??"]
[Source "ChessScotland"]
[SourceDate "2015.07.19"]

1. d4 d5 2. c4 e6 3. Nc3 c5 4. e3 Nf6 5. Nf3 a6 6. Bd3 dxc4 7. Bxc4 b5 8. Bd3
c4 9. Bc2 Bb4 10. Bd2 O-O 11. Ne4 Bxd2+ 12. Nfxd2 Bb7 13. Nxf6+ Qxf6 14. Be4
Bxe4 15. Nxe4 Qg6 16. Ng3 Nd7 17. O-O Nb6 18. Rc1 f5 19. Ne2 Nd5 20. Qd2 Rac8
21. b3 Qe8 22. bxc4 Rxc4 23. Rxc4 bxc4 24. Rb1 Qc6 25. Nc3 Rc8 26. Qc2 g6 27.
Na4 c3 28. Nc5 e5 29. Kf1 exd4 30. exd4 Re8 31. g3 Kg7 32. Qc1 Re7 33. Qc2 Nb4
0-1

[Event "Scottish International Open"]
[Site "Edinburgh, Scotland"]
[Date "2015.07.11"]
[Round "1"]
[White "Veelenturf, Wim"]
[Black "Connolly Sams, Lukah"]
[Result "1-0"]
[WhiteElo "1697"]
[BlackElo "1345"]
[PlyCount "68"]
[EventDate "2015.??.??"]
[Source "ChessScotland"]
[SourceDate "2015.07.19"]

1. e4 e6 2. d4 d5 3. exd5 exd5 4. Nf3 Nf6 5. Be2 Bd6 6. O-O Bf5 7. Bg5 Nbd7 8.
Bd3 Bg4 9. Re1+ Be7 10. Nbd2 h6 11. Bh4 g5 12. Bg3 Nh5 13. c3 Nxg3 14. fxg3 Nf6
15. Qc2 c6 16. Bf5 Qd6 17. Ne5 h5 18. Ndf3 Bxf5 19. Qxf5 Qe6 20. Qxe6 fxe6 21.
Nxg5 Ng4 22. Nxe6 Rc8 23. Ng7+ Kf8 24. Nf5 Bf6 25. Ng6+ Kf7 26. Nxh8+ Rxh8 27.
h3 Nh6 28. Nxh6+ Rxh6 29. Rf1 Kg8 30. Rf5 h4 31. g4 Rg6 32. Re1 Bg7 33. Re7 Kh7
34. Rxb7 Kh6 {Scoresheets illegible} 1-0

[Event "Scottish International Open"]
[Site "Edinburgh, Scotland"]
[Date "2015.07.11"]
[Round "1"]
[White "Tramontano, Fulvio"]
[Black "MacRae, James S"]
[Result "0-1"]
[WhiteElo "1325"]
[BlackElo "1689"]
[PlyCount "86"]
[EventDate "2015.??.??"]
[Source "ChessScotland"]
[SourceDate "2015.07.19"]

1. e4 c6 2. Nf3 d5 3. exd5 cxd5 4. Bb5+ Bd7 5. Bxd7+ Nxd7 6. O-O e6 7. d4 Be7
8. Bf4 Ngf6 9. c3 O-O 10. Nbd2 Qb6 11. Rb1 Rac8 12. Qb3 Rc6 13. Rfe1 Rfc8 14.
Qxb6 Rxb6 15. Nb3 Ne4 16. Nbd2 Ndf6 17. Re2 Ra6 18. Ra1 b5 19. Nxe4 Nxe4 20.
Nd2 Nd6 21. Bxd6 Bxd6 22. g3 b4 23. Re3 Rac6 24. Rc1 Be7 25. Kg2 Bd6 26. Nb3
Be7 27. f4 g6 28. Kh3 a5 29. a4 bxa3 30. bxa3 a4 31. Nc5 Bxc5 32. dxc5 Rxc5 33.
Rd3 Rc4 34. Rc2 d4 35. Rf3 Rxc3 36. Rfxc3 Rxc3 37. Rd2 d3 38. Rb2 Rxa3 39. Rb8+
Kg7 40. Rd8 Rb3 41. Rd4 a3 42. Kg4 a2 43. Ra4 Rb2 0-1

[Event "Scottish International Open"]
[Site "Edinburgh, Scotland"]
[Date "2015.07.11"]
[Round "1"]
[White "Heathwood, Richard"]
[Black "Smith, Rachel"]
[Result "1-0"]
[WhiteElo "1672"]
[BlackElo "1316"]
[PlyCount "117"]
[EventDate "2015.??.??"]
[Source "ChessScotland"]
[SourceDate "2015.07.19"]

1. d4 f5 2. Bg5 Nf6 3. Bxf6 exf6 4. e3 Be7 5. c4 d6 6. Nf3 Nc6 7. Bd3 O-O 8.
Nc3 b6 9. O-O Bb7 10. Bxf5 Qe8 11. Be6+ Kh8 12. d5 Ne5 13. b3 f5 14. Nb5 Qd8
15. Nbd4 g6 16. Qc2 Bf6 17. Rae1 Bc8 18. Bxc8 Nxf3+ 19. Nxf3 Rxc8 20. e4 f4 21.
e5 dxe5 22. Nxe5 Bxe5 23. Rxe5 Qd7 24. f3 Rce8 25. Qe4 Kg8 26. Re1 Kf7 27.
Qxf4+ Kg8 28. Qe4 Rxe5 29. Qxe5 Qd6 30. Qxd6 cxd6 31. Re6 Rd8 32. Kf2 Kf7 33.
Ke3 Re8 34. Rxe8 Kxe8 35. f4 Ke7 36. Ke4 Kf6 37. g4 a6 38. g5+ Ke7 39. b4 a5
40. a3 a4 41. f5 gxf5+ 42. Kxf5 Kf7 43. h4 Ke7 44. h5 Kf7 45. g6+ hxg6+ 46.
hxg6+ Ke7 47. g7 Kf7 48. g8=Q+ Kxg8 49. Ke6 Kf8 50. Kxd6 Ke8 51. Kc7 Ke7 52.
d6+ Ke6 53. d7 b5 54. cxb5 Kd5 55. d8=Q+ Kc4 56. Qg8+ Kc3 57. b6 Kb2 58. Qg3
Ka2 59. b7 1-0

[Event "Scottish International Open"]
[Site "Edinburgh, Scotland"]
[Date "2015.07.11"]
[Round "1"]
[White "Doris, Peter"]
[Black "Nisbet, Charles"]
[Result "0-1"]
[WhiteElo "1256"]
[BlackElo "1636"]
[PlyCount "120"]
[EventDate "2015.??.??"]
[Source "ChessScotland"]
[SourceDate "2015.07.19"]

1. d4 Nf6 2. Nf3 e6 3. Nbd2 d5 4. e3 Be7 5. Bd3 c5 6. b3 O-O 7. Bb2 Nc6 8. a3
b6 9. O-O Bb7 10. Ne5 Nxe5 11. dxe5 Nd7 12. Qh5 g6 13. Qh3 Qc7 14. f4 a6 15.
Qh6 Rfc8 16. Rf3 Bf8 17. Qh4 Qd8 18. Qg4 c4 19. Bxg6 hxg6 20. Bd4 Bg7 21. Rh3
cxb3 22. cxb3 Rc2 23. Nf3 Nf8 24. Ng5 Qc7 25. Rf1 Rc1 26. Rhf3 Rxf1+ 27. Rxf1
Qc2 28. h4 a5 29. h5 Qf5 30. Qh4 gxh5 31. Qxh5 Rc8 32. g4 Qg6 33. Qh4 Rc2 34.
f5 Qh6 35. Qxh6 Bxh6 36. Nf3 Nh7 37. Bxb6 Ng5 38. Nxg5 Bxg5 39. Bd4 Ba6 40. Rb1
Be7 41. b4 axb4 42. axb4 Bb5 43. f6 Bf8 44. Bb6 Kh7 45. Bd8 Kg6 46. Be7 Bh6 47.
Re1 Kg5 48. Kh1 Kh4 49. Bc5 Bd3 50. Kg1 Kxg4 51. Ra1 Kg3 52. Bd4 Rg2+ 53. Kh1
Be4 54. Rg1 Rxg1+ 55. Kxg1 Bd3 56. Bc5 Kf3 57. Kh2 Bxe3 58. Bd6 Bf4+ 59. Kh3
Bg3 60. b5 Bf5# 0-1

[Event "Scottish International Open"]
[Site "Edinburgh, Scotland"]
[Date "2015.07.11"]
[Round "1"]
[White "Gray, Euan"]
[Black "Hegde, Stuthi"]
[Result "1-0"]
[WhiteElo "1629"]
[BlackElo "1241"]
[PlyCount "119"]
[EventDate "2015.??.??"]
[Source "ChessScotland"]
[SourceDate "2015.07.19"]

1. d4 Nf6 2. c4 e6 3. Nc3 Bb4 4. e3 d5 5. Nf3 O-O 6. Bd3 b6 7. a3 Bd6 8. cxd5
exd5 9. h3 Bb7 10. b4 Nbd7 11. O-O Re8 12. Qc2 a6 13. Bb2 Ne4 14. Nd2 Ndf6 15.
Rfe1 Qe7 16. Rad1 a5 17. bxa5 Nxc3 18. Bxc3 bxa5 19. Rb1 Bc6 20. a4 Bd7 21.
Rec1 c6 22. Rb7 Qd8 23. Rcb1 Rb8 24. Rxb8 Bxb8 25. Nb3 Bc7 26. Nc5 Qe7 27. Rb7
Qd6 28. g3 Bxh3 29. Kh2 Rxe3 30. Rxc7 Qxc7 31. fxe3 Bd7 32. Be2 Bg4 33. Kg2 Nh5
34. Be1 Nf6 35. Bf2 Bc8 36. Qb3 h6 37. Qc3 Ne4 38. Nxe4 dxe4 39. Qc5 Qd7 40. g4
Qd5 41. Qxd5 cxd5 42. Be1 Bd7 43. Bd1 Kf8 44. Bxa5 Ke7 45. Bc7 Bc8 46. a5 Kd7
47. Bb6 Kc6 48. Be2 Kb7 49. Kg3 g5 50. Bc5 Kc7 51. Bf8 f5 52. gxf5 Bxf5 53.
Bxh6 Bd7 54. Bxg5 Bc6 55. Be7 Ba8 56. Kf4 Kc6 57. Ke5 Kd7 58. Bc5 Kc7 59. Bb5
Kd8 60. Ba4 1-0

[Event "Scottish International Open"]
[Site "Edinburgh, Scotland"]
[Date "2015.07.11"]
[Round "1"]
[White "Stuart, Joseph Maxwell"]
[Black "Lawson, Robert"]
[Result "0-1"]
[WhiteElo "1210"]
[BlackElo "1628"]
[PlyCount "62"]
[EventDate "2015.??.??"]
[Source "ChessScotland"]
[SourceDate "2015.07.19"]

1. e4 d6 2. d4 Nf6 3. Nc3 g6 4. Bg5 Bg7 5. Nf3 O-O 6. Be2 c6 7. Qd2 b5 8. O-O
b4 9. Nd1 Nxe4 10. Qe3 Nxg5 11. Nxg5 Bf5 12. Bd3 Bxd3 13. Qxd3 e5 14. c3 Qxg5
15. Ne3 bxc3 16. bxc3 exd4 17. cxd4 Nd7 18. Rab1 Rab8 19. Nc4 Qd5 20. a4 Ne5
21. Nxe5 dxe5 22. Rfd1 Rxb1 23. Rxb1 exd4 24. h3 c5 25. Rc1 Re8 26. Kf1 Rc8 27.
Qc4 Qxc4+ 28. Rxc4 Bf8 29. Ke2 Rb8 30. Kf3 Rb4 31. Rxb4 cxb4 0-1

[Event "Scottish International Open"]
[Site "Edinburgh, Scotland"]
[Date "2015.07.11"]
[Round "1"]
[White "Pearson, Walter"]
[Black "McKay, Jonathan"]
[Result "0-1"]
[WhiteElo "1623"]
[BlackElo "1053"]
[PlyCount "61"]
[EventDate "2015.??.??"]
[Source "ChessScotland"]
[SourceDate "2015.07.19"]

1. e4 c5 2. Nf3 d6 3. d4 Nf6 4. dxc5 Nxe4 5. cxd6 Nc6 6. Bd3 Nxd6 7. O-O g6 8.
Bd2 Bg7 9. Bc3 e5 10. Nbd2 O-O 11. Ne4 Nf5 12. Qe2 b6 13. Rad1 Bb7 14. Bc4 Qc7
15. a3 Rac8 16. Bb3 Rfe8 17. Nfg5 Re7 18. Nxf7 Rxf7 19. Ng5 Ncd4 20. Bxd4 Nxd4
21. Bxf7+ Qxf7 22. Rxd4 Qf6 23. Ne4 Qc6 24. Rc4 Qxc4 25. Qxc4+ Rxc4 26. Nd6 Rc7
27. Nxb7 Rxb7 28. c3 Rd7 29. f4 Rf7 30. fxe5 Rxf1+ 31. Kxf1 0-1

[Event "Scottish International Open"]
[Site "Edinburgh, Scotland"]
[Date "2015.07.11"]
[Round "1"]
[White "Smith, Sarah"]
[Black "Zamvar, Vipin"]
[Result "1/2-1/2"]
[WhiteElo "888"]
[BlackElo "1622"]
[PlyCount "64"]
[EventDate "2015.??.??"]
[Source "ChessScotland"]
[SourceDate "2015.07.19"]

1. f4 d5 2. e3 c5 3. Nf3 Nc6 4. Bb5 a6 5. Bxc6+ bxc6 6. b3 Nf6 7. Bb2 Bb7 8.
O-O Qb6 9. d3 c4 10. Qe2 cxd3 11. cxd3 e6 12. Ne5 Be7 13. Ba3 Bxa3 14. Nxa3 O-O
15. Nb1 d4 16. Nc4 Qd8 17. e4 Qe7 18. Ne5 Rfd8 19. Nd2 Nd7 20. Ndc4 Nxe5 21.
Nxe5 f5 22. Rac1 c5 23. Rc4 fxe4 24. dxe4 Rac8 25. Rfc1 Rc7 26. Nd3 Rdc8 27.
Qe1 Qd6 28. e5 Qb6 29. Qg3 Bd5 30. R4c2 Be4 31. Rc4 Bxd3 32. Qxd3 Qb5 1/2-1/2

[Event "Scottish International Open"]
[Site "Edinburgh, Scotland"]
[Date "2015.07.11"]
[Round "1"]
[White "Van Rossum, Pia"]
[Black "McHarg, Steven"]
[Result "0-1"]
[WhiteElo "1594"]
[BlackElo "1476"]
[PlyCount "78"]
[EventDate "2015.??.??"]
[Source "ChessScotland"]
[SourceDate "2015.07.19"]

1. d4 d5 2. g3 Nf6 3. Bg2 Nc6 4. Nf3 h6 5. O-O Bf5 6. c4 e6 7. Nbd2 Be7 8. Re1
Nb4 9. e4 Nxe4 10. a3 Nxd2 11. axb4 Nxc4 12. Qa4+ c6 13. b5 Nb6 14. Qb3 O-O 15.
bxc6 bxc6 16. Ne5 Qc7 17. Bf4 Bd6 18. Rec1 Bxe5 19. Bxe5 Qd7 20. Rc5 f6 21. Bf4
g5 22. Be3 Rab8 23. Qd1 Nc4 24. b3 Nb2 25. Qh5 Kg7 26. Ra6 Rb6 27. Ra3 Rfb8 28.
Rca5 R8b7 29. h4 Rxb3 30. hxg5 hxg5 31. Bxg5 fxg5 32. Qxg5+ Kf7 33. Qh5+ Bg6
34. Qh8 Rxa3 35. Rxa3 Nd3 36. Bf3 Qe8 37. Qh4 Qe7 38. Rxd3 Qxh4 39. gxh4 Bxd3
0-1

[Event "Scottish International Open"]
[Site "Edinburgh, Scotland"]
[Date "2015.07.12"]
[Round "2"]
[White "Berry, Neil"]
[Black "Korneev, Oleg"]
[Result "1-0"]
[WhiteElo "2306"]
[BlackElo "2567"]
[PlyCount "103"]
[EventDate "2015.??.??"]
[Source "ChessScotland"]
[SourceDate "2015.07.19"]
[WhiteClock "0:08:00"]
[BlackClock "0:29:25"]

1. d4 d5 2. c4 c6 3. Nf3 Nf6 4. Nc3 e6 5. g3 dxc4 6. Bg2 b5 7. Ne5 Nd5 8. e4
Nxc3 9. bxc3 Bb7 10. Qh5 g6 11. Nxg6 fxg6 12. Qe5 Nd7 13. Qxh8 Qe7 14. h4 Qf7
15. h5 gxh5 16. Bg5 c5 17. f4 Qg7 18. Bf3 Nb6 19. Bxh5+ Kd7 20. Qxg7+ Bxg7 21.
Bf3 Rh8 22. Bh6 Rg8 23. Bxg7 Rxg7 24. Rc1 Na4 25. Rc2 a5 26. Rh5 Kc6 27. g4 Kb6
28. Rh6 Bc8 29. d5 b4 30. dxe6 Kb5 31. cxb4 axb4 32. Be2 Nc3 33. f5 Nxe2 34.
Rxe2 Ra7 35. Rh3 c3 36. Kd1 c4 37. Kc1 Kc5 38. e7 Rxe7 39. e5 Kd5 40. e6 Kd4
41. Rhe3 b3 42. f6 Ra7 43. f7 bxa2 44. Re4+ Kd5 45. Rxa2 Rxa2 46. f8=Q Kxe4 47.
Qxc8 Kd4 48. Qd7+ Kc5 49. e7 Ra1+ 50. Kc2 Ra2+ 51. Kxc3 Ra3+ 52. Kb2 1-0

[Event "Scottish International Open"]
[Site "Edinburgh, Scotland"]
[Date "2015.07.12"]
[Round "2"]
[White "Van den Doel, Erik"]
[Black "Orr, Mark J L"]
[Result "1-0"]
[WhiteElo "2564"]
[BlackElo "2260"]
[PlyCount "65"]
[EventDate "2015.??.??"]
[Source "ChessScotland"]
[SourceDate "2015.07.19"]
[WhiteClock "0:07:15"]
[BlackClock "0:06:55"]

1. e4 c5 2. Nf3 Nc6 3. d4 cxd4 4. Nxd4 g6 5. c4 Nf6 6. Nc3 d6 7. Nc2 Bg7 8. Be2
O-O 9. O-O Nd7 10. Bd2 a5 11. Na3 Nc5 12. Nab5 Nd4 13. Nxd4 Bxd4 14. Bh6 Bg7
15. Bxg7 Kxg7 16. Bg4 Bxg4 17. Qxg4 Qc8 18. Qe2 Qe6 19. Rfe1 Rfc8 20. Rad1 a4
21. Nd5 Nd7 22. f4 Rc5 23. b3 axb3 24. axb3 Nf6 25. Nc3 h5 26. h3 g5 27. e5
dxe5 28. fxg5 Nh7 29. Qxh5 Ra3 30. Ne4 Rc6 31. Rb1 b5 32. c5 Rxb3 33. Qh6+ 1-0

[Event "Scottish International Open"]
[Site "Edinburgh, Scotland"]
[Date "2015.07.12"]
[Round "2"]
[White "Burnett, Andrew"]
[Black "Aagaard, Jacob"]
[Result "0-1"]
[WhiteElo "2249"]
[BlackElo "2506"]
[PlyCount "72"]
[EventDate "2015.??.??"]
[Source "ChessScotland"]
[SourceDate "2015.07.19"]
[WhiteClock "0:07:31"]
[BlackClock "0:03:35"]

1. d4 Nf6 2. Nf3 e6 3. c4 d5 4. Nc3 c6 5. g3 Be7 6. Bg2 O-O 7. O-O Nbd7 8. Qc2
dxc4 9. Rd1 b5 10. Ne5 Nxe5 11. dxe5 Nd5 12. a4 b4 13. Ne4 Ba6 14. Nd6 b3 15.
Qd2 Rb8 16. Bxd5 cxd5 17. Qd4 f6 18. Nb5 Bxb5 19. axb5 Rxb5 20. Be3 a5 21. f4
Bc5 22. Qc3 fxe5 23. Bxc5 Rxc5 24. Qxe5 Qb6 25. Qd4 Rb8 26. Kg2 Qc6 27. Ra3 c3
28. bxc3 b2 29. Rb1 e5 30. Qa4 Qxa4 31. Rxa4 Rxc3 32. Ra2 Rc2 33. fxe5 Kf7 34.
Kf2 Ke6 35. Ke3 Rb3+ 36. Kd4 Rc4# 0-1